[Event "World Chess Championship 2018"]
[Site "London"]
[Date "2018.11.22"]
[Round "10"]
[White "Caruana, Fabiano"]
[Black "Carlsen, Magnus"]
[Result "1/2-1/2"]
[WhiteElo "2832"]
[BlackElo "2835"]
[Annotator "TA"]
[PlyCount "107"]
[EventDate "2018.10.20"]
[EventType "match"]
[EventCountry "ENG"]
[SourceTitle "playchess.com"]
[Source "ChessBase"]
[SourceQuality "1"]

{[%evp 21,107,1,23,9,0,-8,3,0,0,0,0,0,0,0,0,0,0,-26,-9,-41,-8,-20,0,0,0,0,94,-3,0,0,0,0,0,0,0,0,0,0,0,0,0,0,0,0,0,0,0,0,1,0,0,0,0,0,0,0,0,0,0,0,0,0,0,0,0,0,0,0,48,54,108,108,108,108,116,116,116,116,116,116,116,108,108,108,108,108,108,108]} 1. e4 c5 2. Nf3 Nc6 3. d4 cxd4 4. Nxd4 Nf6 5. Nc3 e5 6. Ndb5 d6 7. Nd5 Nxd5 8. exd5 Nb8 9. a4 Be7 10. Be2 O-O 11. O-O {B33: Sicilian: Pelikan and Sveshnikov Variations} Nd7 {LiveBook: 51 Games} 12. b4 $146 ({Predecessor:} 12. Bd2 a6 13. Na3 a5 14. Nc4 b6 15. f4 Ba6 16. Ne3 Bb7 17. Bc3 g6 18. Bb5 Ba6 19. Bxd7 Qxd7 {1-0 (53) Oparin,G (2602)-Gelfand,B (2697) Moscow 2017}) 12... a6 13. Na3 {The position is equal.} a5 14. bxa5 Rxa5 15. Nc4 Ra8 16. Be3 f5 17. a5 f4 18. Bb6 $36 {[%mdl 2048] White fights for an advantage.} Qe8 19. Ra3 Qg6 20. Bc7 e4 21. Kh1 $1 b5 {[%cal Bb7b5,Bb5b4][%mdl 32]} 22. Nb6 $1 {[%cal Rb6a8]} Nxb6 23. Bxb6 Qg5 (23... b4 $11 {remains equal.} 24. Ra4 Bf6) 24. g3 (24. Bxb5 $16 Rf6 25. Bc6) 24... b4 25. Rb3 Bh3 26. Rg1 $1 {[#] And now gxf4 would win.} f3 27. Bf1 Bxf1 28. Qxf1 Qxd5 29. Rxb4 Qe6 30. Rb5 Bd8 {aiming for ...Bxb6.} 31. Qe1 Bxb6 32. axb6 Rab8 33. Qe3 Qc4 34. Rb2 Rb7 35. Rd1 Qe2 36. Re1 Qxe3 37. Rxe3 $11 {[%mdl 4096] Endgame KRR-KRR} d5 38. h4 Rc8 39. Ra3 Kf7 40. Kh2 Ke6 41. g4 Rc6 42. Ra6 Ke5 43. Kg3 h6 44. h5 Kd4 45. Rb5 Rd6 (45... e3 $14) 46. Ra4+ $16 {White is better.} Ke5 {[#]} 47. Rab4 $1 Ke6 48. c4 dxc4 49. Rxc4 Rdxb6 50. Rxe4+ Kf7 51. Rf5+ Rf6 52. Rxf6+ Kxf6 53. Kxf3 Kf7 54. Kg3 {Accuracy: White = 78%, Black = 66%.} 1/2-1/2

[Event "World Chess Championship 2018"]
[Site "London"]
[Date "2018.11.24"]
[Round "11"]
[White "Carlsen, Magnus"]
[Black "Caruana, Fabiano"]
[Result "1/2-1/2"]
[WhiteElo "2835"]
[BlackElo "2832"]
[Annotator "TA"]
[PlyCount "110"]
[EventDate "2018.10.20"]
[EventType "match"]
[EventCountry "ENG"]
[SourceTitle "playchess.com"]
[Source "ChessBase"]
[SourceQuality "1"]

{[%evp 21,110,20,39,33,37,32,31,26,26,13,13,12,20,18,18,22,20,20,20,22,20,5,5,6,16,12,11,10,13,1,46,50,52,27,58,58,60,59,59,59,62,56,56,56,56,56,56,56,56,51,51,51,54,54,56,56,56,56,56,36,37,37,36,36,36,36,36,36,36,36,35,31,31,31,31,31,31,31,26,26,26,26,31,26,26,0,31,31,31,26,31]} 1. e4 e5 2. Nf3 Nf6 3. Nxe5 d6 4. Nf3 Nxe4 5. Nc3 Nxc3 6. dxc3 Be7 7. Be3 O-O 8. Qd2 {C42: Petroff Defence: 3 Nxe5 and unusual White 3rd moves} Nd7 9. O-O-O Nf6 10. Bd3 c5 11. Rhe1 Be6 {LiveBook: 3 Games} 12. Kb1 $146 ({Predecessor:} 12. Bg5 Qa5 13. a3 Rfe8 14. Bxf6 Bxf6 15. Ng5 Bxg5 16. Qxg5 {½-½ (46) Giri,A (2772)-Motylev,A (2675) Tbilisi 2017}) 12... Qa5 13. c4 Qxd2 14. Bxd2 {Threatening Ng5.} h6 15. Nh4 Rfe8 16. Ng6 Ng4 17. Nxe7+ Rxe7 18. Re2 Ne5 19. Bf4 Nxd3 20. Rxd3 Rd7 21. Rxd6 Rxd6 22. Bxd6 $11 {[%mdl 4096] Endgame KRB-KRB} Rd8 23. Rd2 Bxc4 24. Kc1 b6 25. Bf4 Rxd2 (25... Re8 {looks sharper.} 26. Rd7 Re1+ 27. Kd2 Re2+ 28. Kc3 Bxa2 29. b3 Rxf2 30. Bg3 Rxg2 31. Kb2 f5) 26. Kxd2 {KB-KB} a6 27. a3 Kf8 28. Bc7 b5 29. Bd6+ Ke8 30. Bxc5 h5 31. Ke3 Kd7 32. Kd4 g6 33. g3 Be2 34. Bf8 Kc6 35. b3 Bd1 36. Kd3 Bg4 37. c4 Be6 38. Kd4 bxc4 39. bxc4 Bg4 40. c5 Be6 41. Bh6 Bd5 42. Be3 Be6 43. Ke5 Bd5 44. Kf4 Be6 45. Kg5 Bd5 46. g4 hxg4 47. Kxg4 Ba2 48. Kg5 Bb3 49. Kf6 Ba2 50. h4 Bb3 51. f4 {[%cal Bf2f4,Bf4f5][%mdl 32]} Ba2 52. Ke7 Bb3 53. Kf6 Ba2 54. f5 Bb1 55. Bf2 Bc2 {Accuracy: White = 55%, Black = 82%.} 1/2-1/2

[Event "World Chess Championship 2018"]
[Site "London"]
[Date "2018.11.26"]
[Round "12"]
[White "Caruana, Fabiano"]
[Black "Carlsen, Magnus"]
[Result "1/2-1/2"]
[WhiteElo "2832"]
[BlackElo "2835"]
[Annotator "TA"]
[PlyCount "62"]
[EventDate "2018.10.20"]
[EventType "match"]
[EventCountry "ENG"]
[SourceTitle "playchess.com"]
[Source "ChessBase"]
[SourceQuality "1"]

{[%evp 22,62,28,25,28,7,0,0,41,0,0,17,35,25,34,0,21,27,16,28,26,-14,-23,-29,-6,-28,-30,-53,-31,-65,-30,-64,-64,-67,-62,-63,-60,-67,-46,-46,-46,-57,-48]} 1. e4 c5 2. Nf3 Nc6 3. d4 cxd4 4. Nxd4 Nf6 5. Nc3 e5 6. Ndb5 d6 7. Nd5 Nxd5 8. exd5 Ne7 9. c4 Ng6 10. Qa4 Bd7 11. Qb4 Bf5 {B33: Sicilian: Pelikan and Sveshnikov Variations} 12. h4 {LiveBook: 3 Games} h5 $146 ({Predecessor:} 12... a6 13. h5 Nf4 14. Nc3 Be7 15. Be3 Nd3+ 16. Bxd3 Bxd3 17. h6 O-O 18. Rd1 a5 19. Qb5 {1-0 (45) Kramnik,V (2779)-Roganovic,M (2527) Batumi 2018}) 13. Qa4 Bd7 $1 {[#] aiming for ...a6.The position is equal.} 14. Qb4 Bf5 15. Be3 a6 16. Nc3 Qc7 17. g3 Be7 18. f3 Nf8 {[%cal Bg6f8,Bf8d7,Bd7c5][%mdl 32]} 19. Ne4 Nd7 20. Bd3 O-O 21. Rh2 Rac8 22. O-O-O Bg6 23. Rc2 f5 24. Nf2 Nc5 25. f4 a5 26. Qd2 e4 {Black is slightly better.} 27. Be2 Be8 28. Kb1 Bf6 29. Re1 a4 30. Qb4 g6 31. Rd1 Ra8 {Accuracy: White = 46%, Black = 70%.} 1/2-1/2

[Event "World Chess Championship 2018"]
[Site "London"]
[Date "2018.11.28"]
[Round "13.1"]
[White "Carlsen, Magnus"]
[Black "Caruana, Fabiano"]
[Result "1-0"]
[WhiteElo "2835"]
[BlackElo "2832"]
[Annotator "TA"]
[PlyCount "109"]
[EventDate "2018.10.20"]
[EventType "match"]
[EventCountry "ENG"]
[SourceTitle "playchess.com"]
[Source "ChessBase"]
[SourceQuality "1"]

{[%evp 10,109,7,15,23,37,44,36,40,40,58,59,46,45,70,41,25,39,45,31,39,32,30,14,18,22,36,33,47,33,146,146,141,144,135,134,135,139,94,93,96,82,79,82,79,82,93,80,92,112,104,82,85,55,56,0,0,0,14,0,14,14,14,14,14,14,645,561,665,618,541,456,194,194,10479,10213,8433,1439,1204,630,7632,199,6589,6343,5025,4196,2211,1169,29959,29963,29962,29961,29970,29971,29971,29972,29972,29972,11752,29966,8995,5097]} 1. c4 e5 2. Nc3 Nf6 3. g3 Bb4 4. e4 O-O 5. Nge2 c6 6. Bg2 {LiveBook: 11 Games} a6 {A22: English Opening: 1...e5 2 Nc3 Nf6} 7. O-O b5 8. d4 d6 {White is slightly better.} 9. a3 $146 ({Predecessor:} 9. cxb5 axb5 10. h3 Re8 11. Be3 exd4 12. Bxd4 Bxc3 13. Nxc3 b4 14. Bxf6 Qxf6 {0-1 (33) Zubarev,A (2470)-Vysochin,S (2542) Ordzhonikidze 2001}) 9... Bxc3 10. Nxc3 bxc4 11. dxe5 dxe5 12. Na4 Be6 13. Qxd8 Rxd8 14. Be3 Nbd7 15. f3 {[%mdl 1024] White has compensation.} Rab8 16. Rac1 Rb3 17. Rfe1 Ne8 18. Bf1 Nd6 $1 19. Rcd1 $36 {[%mdl 2048] White has the initiative.} Nb5 (19... Nb7 $1 $14) 20. Nc5 $16 {[%mdl 64] Double Attack} Rxb2 21. Nxe6 fxe6 22. Bxc4 Nd4 23. Bxd4 exd4 24. Bxe6+ Kf8 25. Rxd4 Ke7 26. Rxd7+ Rxd7 27. Bxd7 Kxd7 {[%mdl 4096] Endgame KR-KR} 28. Rd1+ Ke6 29. f4 c5 {[%cal Bc6c5,Bc5c4][%mdl 32]} 30. Rd5 Rc2 31. h4 c4 32. f5+ ({White should play} 32. Rd4 $14) 32... Kf6 $11 33. Rc5 h5 34. Kf1 Rc3 35. Kg2 Rxa3 36. Rxc4 {Black must now prevent Rc6+.} Ke5 37. Rc7 Kxe4 $2 {[%mdl 8192] [#]} (37... Ra2+ $11 38. Kh3 Kxe4) 38. Re7+ $1 $18 Kxf5 39. Rxg7 Kf6 40. Rg5 a5 (40... Ke6 {might work better.} 41. Rxh5 a5) 41. Rxh5 a4 $2 (41... Ra2+ 42. Kh3 Kg7 43. Rg5+ Kf6) 42. Ra5 Ra1 43. Kf3 (43. g4 $142 Kg7 44. Ra6) 43... a3 44. Ra6+ Kg7 45. Kg2 Ra2+ $2 {[#]} (45... a2 46. g4 Kh7) 46. Kh3 $1 {[%cal Rh3g4]} Ra1 47. h5 {[%cal Bh4h5,Bh5h6][%mdl 32]} Kh7 48. g4 Kg7 49. Kh4 a2 50. Kg5 Kf7 51. h6 Rb1 52. Ra7+ Kg8 53. Rxa2 Rb5+ 54. Kg6 Rb6+ 55. Kh5 {Accuracy: White = 71%, Black = 41%.} 1-0

[Event "World Chess Championship 2018"]
[Site "London"]
[Date "2018.11.28"]
[Round "14.1"]
[White "Caruana, Fabiano"]
[Black "Carlsen, Magnus"]
[Result "0-1"]
[WhiteElo "2832"]
[BlackElo "2835"]
[Annotator "TA"]
[PlyCount "56"]
[EventDate "2018.10.20"]
[EventType "match"]
[EventCountry "ENG"]
[SourceTitle "playchess.com"]
[Source "ChessBase"]
[SourceQuality "1"]

{[%evp 22,56,40,44,35,43,47,27,60,43,57,39,70,70,66,63,68,34,64,34,41,-13,-15,-13,-24,-14,-12,-16,-10,-8,-11,-204,-208,-204,-148,-498,-483]} 1. e4 c5 2. Nf3 Nc6 3. d4 cxd4 4. Nxd4 Nf6 5. Nc3 e5 6. Ndb5 d6 7. Nd5 Nxd5 8. exd5 Ne7 9. c4 Ng6 10. Qa4 Bd7 11. Qb4 Qb8 {B33: Sicilian: Pelikan and Sveshnikov Variations} (11... Bf5 12. h4 a6 13. h5 Nf4 14. Nc3 Be7 15. Be3 Nd3+ 16. Bxd3 Bxd3 17. h6 O-O 18. Rd1 a5 19. Qb5 {1-0 (45) Kramnik,V (2779)-Roganovic,M (2527) Batumi 2018}) 12. h4 {LiveBook: 5 Games} h5 13. Be3 a6 {White is slightly better.} 14. Nc3 a5 $146 ({Predecessor:} 14... Be7 15. g3 O-O 16. Be2 b5 17. cxb5 axb5 18. Bxh5 Rc8 19. Rc1 Bd8 20. Bxg6 fxg6 21. O-O Ba5 22. Qb3 Bxc3 23. Rxc3 Rxc3 24. bxc3 {½-½ (24) Pecka,J (2429)-Pravec,L (2380) ICCF email 2016}) 15. Qb3 a4 16. Qd1 Be7 17. g3 Qc8 18. Be2 Bg4 19. Rc1 Bxe2 $1 20. Qxe2 Qf5 21. c5 (21. Nb5 $14 Rc8 22. O-O) 21... O-O $11 22. c6 bxc6 23. dxc6 Rfc8 24. Qc4 Bd8 25. Nd5 e4 {Hoping for ...Ne5.} ({Don't play} 25... Ba5+ $6 26. Kf1 $14) 26. c7 $2 {[#]} (26. Bd4 $1 $11 {and White stays safe.}) 26... Bxc7 $1 $19 27. Nxc7 Ne5 28. Nd5 $2 {[%mdl 8192]} (28. Qd5 $17) 28... Kh7 {Accuracy: White = 44%, Black = 90%.} 0-1

[Event "World Chess Championship 2018"]
[Site "London"]
[Date "2018.11.28"]
[Round "15.1"]
[White "Carlsen, Magnus"]
[Black "Caruana, Fabiano"]
[Result "1-0"]
[WhiteElo "2835"]
[BlackElo "2832"]
[Annotator "TA"]
[PlyCount "101"]
[EventDate "2018.10.20"]
[EventType "match"]
[EventCountry "ENG"]
[SourceTitle "playchess.com"]
[Source "ChessBase"]
[SourceQuality "1"]

{[%evp 9,101,7,16,8,0,0,22,0,0,0,0,0,19,0,21,0,24,20,27,32,27,33,29,27,48,35,39,20,20,20,20,20,26,17,35,18,16,20,64,48,38,31,51,0,0,0,0,0,0,0,43,0,0,0,0,0,0,0,0,0,0,0,0,0,0,0,0,0,0,0,0,0,0,0,68,76,98,75,333,306,303,250,548,548,527,463,707,629,1963,1404,29986,29987,29989,29989]} 1. e4 c5 2. Nf3 e6 3. c4 Nc6 4. d4 cxd4 5. Nxd4 Bc5 {LiveBook: 8 Games} 6. Nc2 {B44: Sicilian: Taimanov: 5 Nb5} (6. Nb3 Be7 7. Nc3 Nf6 8. f4 O-O 9. Qf3 Nb4 10. e5 Ne8 11. Qe2 d6 12. exd6 Nxd6 13. Be3 Nf5 {0-1 (35) Kreisl,R (2448)-Efimenko,Z (2648) Zalakaros 2017}) 6... Nf6 7. Nc3 O-O 8. Be3 $146 {The position is equal.} ({Predecessor:} 8. Be2 d5 9. cxd5 exd5 10. exd5 Nb4 11. Nxb4 Bxb4 12. Bf3 Re8+ 13. Be3 Ne4 14. O-O Nxc3 15. bxc3 Bxc3 {½-½ (105) Vigo Allepuz,D (2049)-Montilla Carrillo,E (2233) Barcelona 2018}) 8... b6 9. Be2 Bb7 10. O-O Qe7 11. Qd2 Rfd8 12. Rfd1 Ne5 13. Bxc5 bxc5 14. f4 Ng6 15. Qe3 d6 16. Rd2 a6 17. Rad1 Qc7 18. b3 h6 19. g3 Rd7 20. Bf3 Re8 21. Qf2 Ne7 22. h3 Red8 23. Bg2 Nc6 24. g4 Qa5 25. Na4 Qc7 26. e5 (26. g5 $14 hxg5 27. fxg5) 26... dxe5 $11 27. Nxc5 Rxd2 28. Rxd2 Rxd2 29. Qxd2 {[#] And now fxe5 would win.} Ba8 30. fxe5 (30. g5 $5 {[%cal Rg5f6]} Nh5 31. fxe5 $11) 30... Qxe5 31. Nd7 Qb2 32. Qd6 {Threatens to win with Qf8+.} Nxd7 33. Qxd7 {[#] Black must now prevent Qc8+.} Qxc2 34. Qe8+ Kh7 {...Qd1+ is the strong threat.} 35. Qxa8 Qd1+ 36. Kh2 Qd6+ 37. Kh1 Nd4 38. Qe4+ f5 39. gxf5 exf5 40. Qe3 {aiming for Bd5.} Ne6 41. b4 Ng5 (41... Nf4 $11) 42. c5 $14 Qf6 43. c6 {Hoping for c7.} Ne6 $2 {[%mdl 8192]} (43... Qd6 $16) 44. a4 $18 Nc7 45. Qf4 Ne6 $2 (45... Na8 46. b5 axb5) 46. Qd6 Qa1+ 47. Kh2 Nd4 (47... Qe1 $142 48. b5 axb5 49. axb5 Qe3) 48. c7 Qc3 {intending ...Qd2.} 49. Qc5 Qe3 50. c8=Q f4 51. Qg4 {Accuracy: White = 68%, Black = 51%.} 1-0